Missing Word: Movie Words Ending in 'X' Quiz Stats

 Plays Quiz Updated Jun 5, 2016

Challenge
Share
Tweet
Embed
Score 0/14 Timer 04:00
0 Plays Today
Hint Missing Word % Correct
Mad ____: Fury RoadMax
98.6%
____, Lies, and VideotapeSex
97.4%
____ Days Seven NightsSix
93.9%
The ____ ReloadedMatrix
92.9%
Harry Potter and the Order of the ____Phoenix
92.1%
Fantastic Mr. ____Fox
90.4%
Hot Shots! Part ____Deux
79.8%
Hint Missing Word % Correct
____ MachinaEx
73.1%
The ____-Bow IncidentOx
69.3%
├ćon ____Flux
63.9%
House of ____Wax
61.5%
Grand ____Prix
59.9%
K-____PAX
59.7%
Jonah ____Hex
46.1%

Today's Daily Dose

You're not logged in!

Compare scores with friends on all Sporcle quizzes.
OR
Log In

You Might Also Like...

Show Comments

Extras

Top Quizzes Today


Score Distribution

Your Account Isn't Verified!

In order to create a playlist on Sporcle, you need to verify the email address you used during registration. Go to your Sporcle Settings to finish the process.

Report this User

Report this user for behavior that violates our Community Guidelines.

Details: